000 00715nam a22002177a 4500
003 UA-OsUOA
001 136316
007 ta
008 20190318b un ||||| |||| 00| 0 ukr d
100 _aХом'яку І.
090 _a81
_bХ76
942 _cSA
040 _aUA-OsUOA
_bukr
_cUA-OsUOA
_dUA-OsUOA
245 _aРозвиток критичного мислення у студентів-філологів
300 _aС.2-8
955 _a0
041 _aukr
080 _a81
773 0 _w136315
_tУкраїнська мова і література в школі
_dК.
_d2019
_g1
650 7 _a8 Мовознавство. Художня література. Літературознавство
_2UDC
999 _c416837
_d416837